000 00448nam a2200193Ia 4500
005 20250423101328.0
008 250422s9999 xx 000 0 und d
020 _a9780205719112 5719112
050 _aP 90 .V53/
100 _aVivian, John
245 4 _aThe media of mass communication
250 _a10th ed.
260 _aBoston
260 _bAllyn & Bacon
260 _c2011
300 _a480 p
650 _aMass Media
942 _cBK
999 _c35987
_d35987